000 00609nmm a2200181Ia 4500
008 251105s9999||||xx |||||||||||||||||und||
020 _a9788490298701
041 _aspa
100 _aAntela-Bernárdez, Borja
245 0 _aLa historia antigua a través del cine :
_b Arqueología, historia antigua y tradición clásica
264 _a[Madrid, España] :
_bUniversitat Oberta de Catalunya,
_c2013
300 _a220 páginas
650 _aFilm studies
700 _aAntela-Bernárdez, Borja
700 1 _a Sierra Martín, César
856 _uhttps://public.digitaliapublishing.com/a/24513
942 _cCF
999 _c61985
_d61985